00640cam a22002057a 4500003000500000005001700005008004100022010001000063011001000073035001000083040000900093100001800102245010700120260004100227300001900268490004400287650001800331650004100349830004400390CHAP20220329140446.0971013s1982 r 00010 d a52283 a53255 a57405 cCHAP00aPonsen, M. B.14aThe digestive system of some species of Callaphididae without a filtersystems (Homoptera : aphidoidea) aWageningen :bVeenman & Zonen,c1982 a16 p.b: ilus. 0aMededelingen Landbouwhogeschoolv; 82-214aHomópteros.14aInsectosxAnatomía y fisiología.0 aMededelingen Landbouwhogeschoolv; 82-2